2026 LCS Players - Statistics

General Stats
  • This quiz has been taken 7 times
  • The average score is 41 of 51
Answer Stats
Answer % Correct
Blaber
100%
Cloud9
100%
CoreJJ
100%
Cryogen
100%
DARKWINGS
100%
FlyQuest
100%
Gryffin
100%
huhi
100%
Inspired
100%
LYON
100%
Massu
100%
Morgan
100%
Quad
100%
Quid
100%
Rahel
100%
Sentinels
100%
Team Liquid
100%
Yeon
100%
APA
75%
Berserker
75%
Bvoy
75%
Callme
75%
Castle
75%
Ceos
75%
Dhokla
75%
Dignitas
75%
Disguised
75%
eXyu
75%
FBI
75%
Fudge
75%
Gakgos
75%
Ignar
75%
Impact
75%
Isles
75%
Josedeodo
75%
Lyonz
75%
Palafox
75%
Photon
75%
Saint
75%
sajed
75%
Shopify Rebellion
75%
Thanatos
75%
Vulcan
75%
Zinie
75%
Zven
75%
Contractz
50%
HamBak
50%
KryRa
50%
Mobility
50%
Breezy
25%
Kisno
25%
No matching quizzes found
Score Distribution
Percent of People with Each Score
Percentile by Number Answered
Your Score History
You have not taken this quiz